Catálogo

How to make it as an advertising creative / (Registro nro. 61241)

Detalles MARC
000 -LEADER
fixed length control field 00776nam a2200253 u 4500
001 - CONTROL NUMBER
control field 61241
005 - DATE AND TIME OF LATEST TRANSACTION
control field 20180714062811.0
008 - FIXED-LENGTH DATA ELEMENTS--GENERAL INFORMATION
fixed length control field 140603s2010 enka r 000 0 eng d
020 ## - INTERNATIONAL STANDARD BOOK NUMBER
International Standard Book Number 978-1-85669-657-9
082 0# - DEWEY DECIMAL CLASSIFICATION NUMBER
Classification number 659.11
Item number VEK
100 1# - MAIN ENTRY--PERSONAL NAME
Personal name Veksner, Simon
Relator term autor
245 10 - TITLE STATEMENT
Title How to make it as an advertising creative /
Statement of responsibility, etc. Simon Veksner.
250 ## - EDITION STATEMENT
Edition statement [Primera edición]
264 #1 - PRODUCTION, PUBLICATION, DISTRIBUTION, MANUFACTURE, AND COPYRIGHT NOTICE
Place of production, publication, distribution, manufacture London :
Name of producer, publisher, distributor, manufacturer Laurence King Publishing,
Date of production, publication, distribution, manufacture, or copyright notice 2010
300 ## - PHYSICAL DESCRIPTION
Extent 159 páginas :
Other physical details ilustraciones ;
Dimensions 23 cm.
336 ## - CONTENT TYPE
Content type term texto
Source rdacontent
337 ## - MEDIA TYPE
Media type term sin mediación
Source rda media
338 ## - CARRIER TYPE
Carrier type term volume
Source rdacarrier
650 #1 - SUBJECT ADDED ENTRY--TOPICAL TERM
Topical term or geographic name entry element Publicistas
650 #1 - SUBJECT ADDED ENTRY--TOPICAL TERM
Topical term or geographic name entry element Agencias publicitarias
650 #1 - SUBJECT ADDED ENTRY--TOPICAL TERM
Topical term or geographic name entry element Publicidad
650 #1 - SUBJECT ADDED ENTRY--TOPICAL TERM
Topical term or geographic name entry element Diseño gráfico
650 #1 - SUBJECT ADDED ENTRY--TOPICAL TERM
Topical term or geographic name entry element Comunicación visual
Existencias
Withdrawn status Lost status Source of classification or shelving scheme Damaged status Not for loan Collection code Home library Current library Shelving location Date acquired Source of acquisition Inventory number Total Checkouts Full call number Barcode Date last seen Date last checked out Price effective from Koha item type
    Dewey Decimal Classification     General Biblioteca Karol Wojtyla Biblioteca Karol Wojtyla Sala general 24/06/2014 Compra 151000000000000000030353   659.11 VEK 2010 91874 06/04/2026 22/02/2018 29/08/2014 Libro